Praktické zručnosti a kreativita absolventov je večným problémom

Teoretické vedomosti a praktické zručnosti boli skúmané vo vzájomnej súvislosti a predstavujú určitú preferenciu respondentov pri výkone pracovných činností v sledovaných odvetviach.

Saved in:
Bibliographic Details
Main Author: Matulčíková, Marta, 1964-
Format: Book Chapter
Language:Slovak
Subjects:
Tags: Add Tag
No Tags, Be the first to tag this record!

MARC

LEADER 00000nla$a2200000$$$4500
001 0149223
005 20240502072701.8
041 0 |a slo 
044 |a SK 
245 1 0 |a Praktické zručnosti a kreativita absolventov je večným problémom  |c Marta Matulčíková 
520 |a Teoretické vedomosti a praktické zručnosti boli skúmané vo vzájomnej súvislosti a predstavujú určitú preferenciu respondentov pri výkone pracovných činností v sledovaných odvetviach. 
610 2 0 |a školy stredné 
610 2 0 |a školy vysoké 
610 2 0 |a absolventi 
610 2 0 |a zručnosti 
610 2 0 |a škola a prax 
100 1 |a Matulčíková, Marta, 1964-